00798 a2200181 4500003000500000005001700005010001400022040000900036082001400045100003000059245006300089250002200152260003500174300002400209505031500233600003000548650003800578Nust20221222093600.0 a 45000923 cNust a331.1,BEV aBeveridge, William Henry, aFull employment in a free society / cWilliam H. Beveridge a1st [American] ed aW.W. NortonbNew York :cc1945 a429 pb ill.c22 cm aIntroduction And Summary (Page-17), Unemployment In Peace (Page-40), Full Employment In War (Page-110), A Full Employment Policy For Peace (Page-124), Internal Implications Of Full Employment(Page-194), International Implications Of Full Employment (Page-208), Full Employment And Social Conscience (Page-242). aBeveridge, William Henry, aFull employment in a free society